[Event "Saratov-ch"]
[Site "Saratov"]
[Date "2009.02.28"]
[Round "3"]
[White "Kuptsov, Jury"]
[Black "Korchmar, Vasiliy"]
[Result "0-1"]
[WhiteElo "1847"]
[BlackElo "2060"]
[PlyCount "62"]
[EventDate "2009.02.26"]
[EventType "swiss"]
[EventRounds "9"]
[EventCountry "RUS"]
[SourceTitle "CBM 129 Extra"]
[Source "ChessBase"]
[SourceDate "2009.05.05"]
[SourceVersion "2"]
[SourceVersionDate "2009.05.20"]
[SourceQuality "1"]

1. e4 c6 2. c4 d5 3. exd5 cxd5 4. cxd5 Qxd5 5. Nc3 Qd8 6. d4 Nf6 7. Nf3 e6 8. Ne5 Be7 9. Bd3 0-0 10. Be3 b6 11. Qf3 Nd5 12. Qh5 f5 13. Nxd5 Qxd5 14. 0-0 Bb7 15. Qh3 Ba6 16. Bc2 Bxf1 17. Rxf1 Nc6 18. Bb3 Qd6 19. Nc4 Qd8 20. Rd1 Nb4 21. Bf4 Nd5 22. Be5 Bf6 23. Ne3 Nxe3 24. Bxe6+ Kh8 25. Qxe3 Re8 26. Bxf6 Qxf6 27. d5 Qxb2 28. h4 Qxa2 29. Qe5 Qc2 30. Rd4 Qc5 31. Rf4 Rxe6 0-1

[Event "Saratov region op"]
[Site "Saratov"]
[Date "2008.06.04"]
[Round "6"]
[White "Kuptsov, Jury"]
[Black "Eramian, Gamlet"]
[Result "0-1"]
[WhiteElo "1842"]
[BlackElo "2018"]
[PlyCount "40"]
[EventDate "2008.05.30"]
[EventType "swiss"]
[EventRounds "9"]
[EventCountry "RUS"]
[SourceTitle "CBM 124 Extra"]
[Source "ChessBase"]
[SourceDate "2008.07.03"]
[SourceVersion "1"]
[SourceVersionDate "2008.07.03"]
[SourceQuality "1"]

1. b3 c5 2. Bb2 Nc6 3. e3 Nf6 4. f4 g6 5. c4 Bg7 6. Nc3 0-0 7. d4 cxd4 8. exd4 d5 9. Nf3 Bg4 10. h3 Bxf3 11. Qxf3 Nxd4 12. Qd3 dxc4 13. bxc4 Nc6 14. 0-0-0 Qa5 15. a3 Rad8 16. Nd5 Nxd5 17. Bxg7 Nf6 18. Qb3 Rxd1+ 19. Kxd1 Rd8+ 20. Bd3 Kxg7 0-1

[Event "Saratov-ch op"]
[Site "Saratov"]
[Date "2008.03.19"]
[Round "8"]
[White "Kuptsov, Jury"]
[Black "Eramian, Gamlet"]
[Result "0-1"]
[WhiteElo "1842"]
[BlackElo "1974"]
[PlyCount "96"]
[EventDate "2008.03.11"]
[EventType "swiss"]
[EventRounds "9"]
[EventCountry "RUS"]
[SourceTitle "EXT 2022"]
[Source "ChessBase"]
[SourceDate "2021.10.06"]
[SourceVersion "1"]
[SourceVersionDate "2021.10.06"]
[SourceQuality "1"]

1. e4 c5 2. Nf3 g6 3. d4 cxd4 4. Qxd4 Nf6 5. e5 Nc6 6. Qh4 Nxe5 7. Nxe5 Qa5+ 8. Nc3 Qxe5+ 9. Be3 Bg7 10. 0-0-0 0-0 11. Bd4 Qa5 12. Bc4 d6 13. Rhe1 Qc7 14. Bxf6 Bxf6 15. Nd5 Bxh4 16. Nxc7 Rb8 17. g3 Bf6 18. Nd5 b5 19. Bb3 a5 20. Nxe7+ Bxe7 21. Rxe7 a4 22. Bd5 Bf5 23. Rd4 Rbc8 24. c4 bxc4 25. Rxc4 Rxc4+ 26. Bxc4 Rc8 27. b3 d5 28. f3 dxc4 29. b4 Be6 30. Ra7 Bd5 31. f4 Ra8 32. Rc7 a3 33. g4 c3 34. Rxc3 Bxa2 35. b5 Be6 36. Kb1 Bxg4 37. b6 a2+ 38. Ka1 Be6 39. b7 Rb8 40. Rc7 Kg7 41. h4 h5 42. f5 gxf5 43. Re7 Rd8 44. Kb2 Rd2+ 45. Kc3 a1Q+ 46. Kxd2 Qb2+ 47. Ke3 Kf6 48. Rc7 Qb6+ 0-1

[Event "Saratov Aratovsky Memorial 6th"]
[Site "Saratov"]
[Date "2006.12.04"]
[Round "8"]
[White "Kuptsov, Jury"]
[Black "Korchmar, Vasiliy"]
[Result "0-1"]
[WhiteElo "1873"]
[BlackElo "1912"]
[PlyCount "60"]
[EventDate "2006.11.27"]
[EventType "swiss"]
[EventRounds "9"]
[EventCountry "RUS"]
[SourceTitle "EXT 2008"]
[Source "ChessBase"]
[SourceDate "2007.11.25"]
[SourceVersion "1"]
[SourceVersionDate "2007.11.25"]
[SourceQuality "1"]

1. e4 d5 2. exd5 Qxd5 3. Nc3 Qa5 4. d4 Nf6 5. Nf3 Bf5 6. Ne5 c6 7. Bc4 e6 8. 0-0 Bd6 9. f4 h6 10. g4 Bh7 11. Qe2 Bxe5 12. dxe5 Nfd7 13. a3 Qc7 14. b4 Nb6 15. Bb3 N8d7 16. Be3 0-0-0 17. a4 Kb8 18. Rfd1 g5 19. Rd6 gxf4 20. Bxf4 Nc8 21. Rd4 Ne7 22. Rad1 Rhg8 23. h3 Nf5 24. R4d2 h5 25. g5 h4 26. Ne4 Ne7 27. Nf6 Nxf6 28. exf6 Qxf4 29. Qh2 Rxg5+ 30. Kh1 Be4+ 0-1

[Event "Saratov Aratovsky Memorial 6th"]
[Site "Saratov"]
[Date "2006.12.02"]
[Round "6"]
[White "Poleschikov, Alexey"]
[Black "Kuptsov, Jury"]
[Result "0-1"]
[WhiteElo "1861"]
[BlackElo "1873"]
[PlyCount "148"]
[EventDate "2006.11.27"]
[EventType "swiss"]
[EventRounds "9"]
[EventCountry "RUS"]
[SourceTitle "EXT 2008"]
[Source "ChessBase"]
[SourceDate "2007.11.25"]
[SourceVersion "1"]
[SourceVersionDate "2007.11.25"]
[SourceQuality "1"]

1. d4 d5 2. Nf3 Nf6 3. Bf4 c5 4. e3 Nc6 5. c4 e6 6. Nc3 a6 7. cxd5 Nxd5 8. Nxd5 Qxd5 9. dxc5 Qxc5 10. a3 b5 11. Rc1 Qb6 12. Be2 Bb7 13. 0-0 Be7 14. Qc2 0-0 15. Rfd1 Rac8 16. Qb1 Bf6 17. Bg5 Ne7 18. Bxf6 gxf6 19. Rd4 f5 20. Rxc8 Rxc8 21. Qd1 Nd5 22. Bf1 Nf6 23. Ne5 Bd5 24. h3 Qc7 25. Nd3 Qc2 26. Qxc2 Rxc2 27. Nb4 Rc1 28. Nxd5 Nxd5 29. Rd2 Rb1 30. g3 Nb6 31. Kg2 Na4 32. Rd6 Rxb2 33. Rxa6 Nc3 34. h4 Ne4 35. Rb6 Rxf2+ 36. Kg1 Rf3 37. Bxb5 Rxg3+ 38. Kh2 Rxe3 39. a4 f4 40. Bc6 Nf6 41. a5 Ng4+ 42. Kg2 Ra3 43. a6 h5 44. Bb7 Kg7 45. Rb5 f5 46. Rc5 f3+ 47. Bxf3 Rxa6 48. Bb7 Ra2+ 49. Kg3 e5 50. Rc7+ Kf6 51. Rc6+ Ke7 52. Rc7+ Kd6 53. Rc6+ Kd7 54. Rg6 Kc7 55. Bd5 f4+ 56. Kf3 Ra3+ 57. Ke2 Re3+ 58. Kf1 Rd3 59. Be6 Nh2+ 60. Ke2 e4 61. Bf5 f3+ 62. Ke1 Re3+ 63. Kd1 f2 64. Rg7+ Kd6 65. Rg6+ Ke5 66. Bh3 Nf3 67. Re6+ Kf4 68. Bg2 Re1+ 69. Kc2 f1Q 70. Bxf1 Nd4+ 71. Kd2 Rxf1 72. Rf6+ Nf5 73. Ke2 Rh1 74. Kf2 Rxh4 0-1